[Event "TUR Cup"]
[Site "Antalya"]
[Date "2019.02.02"]
[Round "10"]
[White "Bogaakca, Mehmet"]
[Black "Suzan, Ufuk"]
[Result "0-1"]
[WhiteElo "1671"]
[BlackElo "1831"]
[PlyCount "140"]
[EventDate "2019.01.27"]
[EventType "swiss"]
[EventRounds "11"]
[EventCountry "TUR"]
[SourceTitle "CBM 188 Extra"]
[Source "ChessBase"]
[SourceDate "2019.02.26"]
[SourceVersion "1"]
[SourceVersionDate "2019.02.26"]
[SourceQuality "1"]

1. d4 d6 2. Nf3 g6 3. c4 Bg7 4. Nc3 Nc6 5. h3 e5 6. d5 Nd4 7. e4 Ne7 8. Nxd4 exd4 9. Nb5 c5 10. dxc6 bxc6 11. Nxd4 Qa5+ 12. Bd2 Qe5 13. Bc3 Qxe4+ 14. Qe2 Qxe2+ 15. Bxe2 0-0 16. 0-0 d5 17. c5 Bd7 18. Bd3 Rfe8 19. Rfe1 g5 20. g4 Ng6 21. Bxg6 hxg6 22. b4 a6 23. Kf1 Be5 24. a4 Rac8 25. Rab1 f6 26. Re2 Kf7 27. Kg2 Rh8 28. Rbe1 Rhe8 29. Kf1 Rb8 30. Rd2 Rh8 31. Kg2 Rh4 32. Rd3 Rhh8 33. Rd2 Rb7 34. a5 Rbb8 35. Rd3 Rbe8 36. Rde3 Rh7 37. Nf3 Bxc3 38. Rxc3 Rxe1 39. Nxe1 Rh8 40. Nc2 Re8 41. Re3 Re4 42. Rxe4 dxe4 43. f3 exf3+ 44. Kxf3 Ke6 45. Ke4 f5+ 46. Kd4 Kf6 47. Ne3 Be6 48. b5 cxb5 49. c6 f4 50. Nd1 Ke7 51. Kc5 Bc8 52. Nf2 Kd8 53. Kd6 b4 54. Ne4 Ke8 55. Kc7 Be6 56. Nd2 b3 57. Kb6 b2 58. Kxa6 Bc8+ 59. Kb6 f3 60. a6 f2 61. a7 f1Q 62. Nxf1 b1Q+ 63. Kc7 Qa2 64. Kb8 Qb3+ 65. Kxc8 Qa4 66. Kb7 Qb5+ 67. Kc7 Qa6 68. Kb8 Qb6+ 69. Ka8 Kd8 70. c7+ Qxc7 0-1

[Event "TUR Cup"]
[Site "Antalya"]
[Date "2017.01.31"]
[Round "5"]
[White "Suzan, Ufuk"]
[Black "Can, Furkan"]
[Result "0-1"]
[WhiteElo "1843"]
[BlackElo "1673"]
[PlyCount "71"]
[EventDate "2017.01.28"]
[EventType "swiss"]
[EventRounds "11"]
[EventCountry "TUR"]
[SourceTitle "CBM 176 Extra"]
[Source "ChessBase"]
[SourceDate "2017.03.02"]
[SourceVersion "1"]
[SourceVersionDate "2017.03.02"]
[SourceQuality "1"]

1. e4 e5 2. f4 exf4 3. Nf3 g5 4. Bc4 Bg7 5. 0-0 h6 6. d4 d6 7. c3 Ne7 8. g3 g4 9. Bxf4 gxf3 10. Qxf3 0-0 11. Qh5 Kh7 12. Bg5 f6 13. Be3 Qe8 14. Qe2 Qg6 15. Bd3 f5 16. Nd2 Nbc6 17. Rf2 fxe4 18. Nxe4 Bf5 19. Bd2 d5 20. Nc5 Bxd3 21. Nxd3 Rxf2 22. Nxf2 Nf5 23. Bf4 Nd6 24. Bxd6 Qxd6 25. Nh3 Qe7 26. Qb5 Qe3+ 27. Nf2 Rf8 28. Rf1 Nxd4 29. Qxd5 Nf3+ 30. Kg2 Ne1+ 31. Kg1 c6 32. Qd1 Rxf2 33. Rxf2 Nd3 34. Qf3 Qxf2+ 35. Qxf2 Nxf2 36. Kxf2 0-1

[Event "Manavgat Turkey Cup"]
[Site "Manavgat"]
[Date "2016.02.03"]
[Round "7"]
[White "Suzan, Ufuk"]
[Black "Olcum, Ahmet"]
[Result "0-1"]
[WhiteElo "1835"]
[BlackElo "2013"]
[PlyCount "60"]
[EventDate "2016.01.30"]
[EventType "swiss"]
[EventRounds "11"]
[EventCountry "TUR"]
[SourceTitle "CBM 170 Extra"]
[Source "ChessBase"]
[SourceDate "2016.02.25"]
[SourceVersion "1"]
[SourceVersionDate "2016.02.25"]
[SourceQuality "1"]

1. e4 g6 2. d4 d6 3. Nc3 Bg7 4. Be3 a6 5. Qd2 Nd7 6. f3 b5 7. g4 Bb7 8. h4 h6 9. Nge2 c5 10. Ng3 e6 11. Bg2 Ne7 12. f4 Nb6 13. b3 Nc6 14. Nce2 cxd4 15. Nxd4 Nxd4 16. Bxd4 e5 17. Bb2 Qc7 18. 0-0-0 0-0-0 19. h5 d5 20. f5 Bf6 21. Qe2 Bg5+ 22. Kb1 Bf4 23. Qe1 g5 24. exd5 Nxd5 25. Ne4 Ne3 26. Rxd8+ Rxd8 27. Qf2 Nxg2 28. Nc5 Be3 29. Qg3 Qxc5 30. Bxe5 Be4 0-1

[Event "Manavgat Turkey Cup"]
[Site "Manavgat"]
[Date "2016.02.02"]
[Round "6"]
[White "Mataraci, Omer Baransel"]
[Black "Suzan, Ufuk"]
[Result "0-1"]
[WhiteElo "1658"]
[BlackElo "1835"]
[PlyCount "60"]
[EventDate "2016.01.30"]
[EventType "swiss"]
[EventRounds "11"]
[EventCountry "TUR"]
[SourceTitle "CBM 170 Extra"]
[Source "ChessBase"]
[SourceDate "2016.02.25"]
[SourceVersion "1"]
[SourceVersionDate "2016.02.25"]
[SourceQuality "1"]

1. d4 Nf6 2. c4 d6 3. Nf3 g6 4. g3 Bg7 5. Bg2 0-0 6. 0-0 Nbd7 7. Nc3 e5 8. d5 a5 9. e4 Nc5 10. Nd2 Ne8 11. b3 f5 12. Ba3 b6 13. Bb2 f4 14. a3 g5 15. b4 Nd3 16. Qc2 Nxb2 17. Qxb2 g4 18. f3 h5 19. Rf2 Bh6 20. Nf1 Nf6 21. c5 Nh7 22. cxb6 cxb6 23. bxa5 bxa5 24. Rb1 Ng5 25. fxg4 f3 26. h4 fxg2 27. hxg5 gxf1Q+ 28. Rbxf1 Qxg5 29. Rxf8+ Bxf8 30. Qf2 Bxg4 0-1

[Event "TUR-ch op"]
[Site "Antalya"]
[Date "2008.02.07"]
[Round "7.34"]
[White "Suzan, Ufuk"]
[Black "Oluc, Hakan"]
[Result "1/2-1/2"]
[WhiteElo "1694"]
[BlackElo "1960"]
[PlyCount "122"]
[EventDate "2008.02.04"]
[EventType "swiss"]
[EventRounds "11"]
[EventCountry "TUR"]
[SourceTitle "CBM 122 Extra"]
[Source "ChessBase"]
[SourceDate "2008.03.04"]
[SourceVersion "1"]
[SourceVersionDate "2008.03.04"]
[SourceQuality "1"]

1. e4 d6 2. d4 Nf6 3. Nc3 e5 4. dxe5 dxe5 5. Qxd8+ Kxd8 6. Bc4 Be6 7. Bxe6 fxe6 8. f3 Bc5 9. Na4 Bb4+ 10. c3 Bd6 11. Be3 Nbd7 12. 0-0-0 Ke7 13. b3 b5 14. Nb2 a5 15. Nh3 a4 16. b4 c5 17. a3 Rhc8 18. Kd2 Rc6 19. Nd3 Rac8 20. Rc1 Rd8 21. Ke2 h6 22. Nhf2 Rdc8 23. g3 Nh5 24. Ng4 cxb4 25. cxb4 Rc2+ 26. Bd2 Nhf6 27. Ne3 R2c6 28. Rxc6 Rxc6 29. Rc1 Nb8 30. Bc3 Nbd7 31. Bb2 Rxc1 32. Nxc1 Nb8 33. Na2 Nc6 34. Kd3 g5 35. Nc1 h5 36. Ne2 Kd8 37. Nd1 Kc7 38. Bc1 Nh7 39. Be3 Kb7 40. Nec3 Ka6 41. Nf2 Bxb4 42. axb4 Nxb4+ 43. Kd2 a3 44. Bc5 a2 45. Nxa2 Nxa2 46. Kc2 b4 47. Nd3 Kb5 48. Be3 g4 49. fxg4 hxg4 50. Kb3 Nc3 51. Nxb4 Nxe4 52. Nd3 Nhf6 53. Nxe5 Nc5+ 54. Kc3 Nce4+ 55. Kd4 Kb6 56. Bg1 Kc7 57. Nxg4 Nxg3 58. Nxf6 Ne2+ 59. Ke5 Nxg1 60. Kxe6 Nf3 61. Nd5+ Kd8 1/2-1/2

[Event "TUR-ch op"]
[Site "Antalya"]
[Date "2008.02.06"]
[Round "5.25"]
[White "Suzan, Ufuk"]
[Black "Kemaloglu, Kadri Yavuz"]
[Result "1-0"]
[WhiteElo "1694"]
[BlackElo "2085"]
[PlyCount "113"]
[EventDate "2008.02.04"]
[EventType "swiss"]
[EventRounds "11"]
[EventCountry "TUR"]
[SourceTitle "CBM 122 Extra"]
[Source "ChessBase"]
[SourceDate "2008.03.04"]
[SourceVersion "1"]
[SourceVersionDate "2008.03.04"]
[SourceQuality "1"]

1. e4 c5 2. Nf3 e6 3. d4 cxd4 4. Nxd4 Nc6 5. Nc3 Qc7 6. a3 a6 7. Bg5 Bd6 8. g3 Be5 9. Be3 Nf6 10. f4 Bxd4 11. Bxd4 d6 12. Be3 b5 13. Bg2 Bb7 14. 0-0 0-0 15. Kh1 Na5 16. Bd4 e5 17. Bg1 Nc4 18. b3 Nxa3 19. Nd5 Nxd5 20. exd5 b4 21. c4 exf4 22. Rxf4 Rae8 23. Bd4 Re7 24. Qg4 f5 25. Rxf5 Rxf5 26. Qxf5 Bc8 27. Qd3 Rf7 28. Be4 h6 29. Bh7+ Kh8 30. Bg6 Rf8 31. Qd2 Kg8 32. Qxb4 Qe7 33. Qxa3 Qe2 34. Qb2 Rf1+ 35. Rxf1 Qxf1+ 36. Bg1 Bg4 37. Be4 Bf3+ 38. Bxf3 Qxf3+ 39. Qg2 Qxb3 40. Qe2 a5 41. Bd4 a4 42. Qe6+ Kh7 43. Qf5+ Kg8 44. Qg4 Qb7 45. Qe6+ Kh7 46. Qe4+ Kg8 47. Qc2 Qa6 48. Kg2 a3 49. Qb3 Kh7 50. Qb5 Qc8 51. Qb1+ Kg8 52. Qg6 Qc7 53. h4 a2 54. Qe8+ Kh7 55. Qa4 Qe7 56. Qc2+ Kg8 57. Kh2 1-0

[Event "TUR-ch op"]
[Site "Antalya"]
[Date "2008.02.06"]
[Round "6.15"]
[White "Yildiz Kadioglu, Betul Cemre"]
[Black "Suzan, Ufuk"]
[Result "1-0"]
[WhiteElo "2207"]
[BlackElo "1694"]
[PlyCount "131"]
[EventDate "2008.02.04"]
[EventType "swiss"]
[EventRounds "11"]
[EventCountry "TUR"]
[SourceTitle "CBM 122 Extra"]
[Source "ChessBase"]
[SourceDate "2008.03.04"]
[SourceVersion "1"]
[SourceVersionDate "2008.03.04"]
[SourceQuality "1"]

1. e4 e5 2. Nf3 Nc6 3. d4 exd4 4. Nxd4 Bc5 5. Be3 Qf6 6. c3 Nge7 7. Bc4 Ne5 8. Be2 Qg6 9. 0-0 d6 10. f4 Qxe4 11. Bf2 N5g6 12. Nd2 Qxf4 13. Nb5 0-0 14. Bxc5 Qg5 15. Bf2 Nf4 16. Bg3 Ned5 17. Nf3 Qe7 18. Bxf4 Nxf4 19. Re1 Qe3+ 20. Kh1 Qf2 21. Bf1 Qc5 22. Qd4 Ne6 23. Qxc5 dxc5 24. Bc4 c6 25. Bxe6 cxb5 26. Bxc8 Rfxc8 27. Re7 b6 28. Rd1 Rd8 29. Rdd7 Rxd7 30. Rxd7 f6 31. Kg1 a5 32. Ne1 b4 33. c4 a4 34. Rd6 Rb8 35. Nd3 Kf7 36. Rd7+ Kf8 37. Kf2 b5 38. Nxc5 a3 39. b3 bxc4 40. bxc4 Rc8 41. Rd5 b3 42. Nxb3 Rxc4 43. Rc5 Rf4+ 44. Ke3 g5 45. Ra5 h5 46. Nd4 Kf7 47. Rxa3 h4 48. Rb3 h3 49. g3 Rf1 50. Rb2 Kg6 51. Rf2 Re1+ 52. Kd2 Ra1 53. Kc3 g4 54. Nb3 Rg1 55. Kd2 f5 56. Nc1 f4 57. Ne2 fxg3 58. Nxg3 Rb1 59. Kc2 Rg1 60. Kd3 Kg5 61. Ke3 Rb1 62. Ne4+ Kh5 63. Kf4 Rb4 64. Rc2 Ra4 65. Rc6 g3 66. hxg3 1-0